Main Hero/Villain From Every Sony Pictures Animation Movie - Statistics

General Stats
  • This quiz has been taken 10 times
  • The average score is 18 of 52
Answer Stats
Hint Answer % Correct
Spider-Man: Into the Spider-Verse (Hero): Miles Morales
88%
Spider-Man: Across the Spider-Verse (Hero): Miles Morales
88%
Arthur Christmas (Hero): Arthur Claus
75%
Hotel Transylvania (Hero): Count Dracula
63%
Hotel Transylvania 2 (Hero): Count Dracula
63%
Hotel Transylvania 3: A Monster Vacation (Hero): Count Dracula
63%
Hotel Transylvania: Transformania (Hero): Count Dracula/Johnny Loughran
63%
The Smurfs (Villain): Gargamel
63%
The Smurfs 2 (Villain): Gargamel
63%
Smurfs: The Lost Village (Villain): Gargamel
63%
The Smurfs 2 (Hero): Smurfette
63%
Smurfs: The Lost Village (Hero): Smurfette
63%
The Star (Hero): Bo
50%
Spider-Man: Into the Spider-Verse (Villain): Kingpin
50%
Vivo (Hero): Vivo
50%
Open Season (Hero): Boog
38%
Cloudy with a Chance of Meatballs (Villain): Mayor Shelbourne
38%
The Smurfs (Hero): Papa Smurf
38%
The Pirates! Band of Misfits (Hero): Pirate Captain
38%
The Pirates! Band of Misfits (Villain): Queen Victoria
38%
The Angry Birds Movie (Hero): Red
38%
The Angry Birds Movie 2 (Hero): Red
38%
K-Pop Demon Hunters (Hero): Rumi
38%
Open Season (Villain): Shaw
38%
Spider-Man:Across the Spider-Verse (Villain): Spot
38%
Hotel Transylvania 2 (Villain): Bela
25%
Surf’s Up (Hero): Cody Maverick
25%
Surf’s Up 2: WaveMania (Hero): Cody Maverick
25%
Cloudy with a Chance of Meatballs (Hero): Flint Lockwood
25%
Cloudy with a Chance of Meatballs 2 (Hero): Flint Lockwood
25%
The Emoji Movie (Hero): Gene Meh
25%
K-Pop Demon Hunters (Villain): Gwi-Ma
25%
Vivo (Villain): Lutador
25%
Wish Dragon (Villain): Pockets
25%
The Mitchells vs. the Machines (Villain): Predictive Algorithmic Learning
25%
The Emoji Movie (Villain): Smiler
25%
Fixed (Villain): Sterling
25%
Surf’s Up (Villain): Tank Evans
25%
Surf’s Up 2: WaveMania (Villain): Tank Evans
25%
The Mitchells vs. the Machines (Hero): The Mitchells
25%
Goat (Hero): Will Harris
25%
The Angry Birds Movie 2 (Villain): Zeta
25%
Fixed (Hero): Bull
13%
Hotel Transylvania (Villain): Chef Quasimodo Wilson
13%
Cloudy with a Chance of Meatballs 2 (Villain): Chester V
13%
The Angry Birds Movie (Villain): King Pig
13%
Goat (Villain): Mane Attraction
13%
Wish Dragon (Hero): Din Song
0%
Arthur Christmas (Villain): Grandsanta
0%
The Star (Villain): King Herod
0%
Hotel Transylvania 3: A Monster Vacation (Villain): Professor Abraham Von Helsing
0%
Hotel Transylvania: Transformania (Villain): Professor Abraham Von Helsing
0%
No matching quizzes found
Score Distribution
Percent of People with Each Score
Percentile by Number Answered
Your Score History
You have not taken this quiz